Analytical solid geometry: (Record no. 163247)

MARC details
000 -LEADER
fixed length control field 00777nam a22002057a 4500
005 - DATE AND TIME OF LATEST TRANSACTION
control field 20190406113527.0
010 ## - LCCN (DPL NO)
LC control number B-721050
020 ## - INTERNATIONAL STANDARD BOOK NUMBER
International Standard Book Number 9788121926614
Terms of availability 325.00
035 ## - SYSTEM CONTROL NUMBER
System control number B-721050
037 ## - SOURCE OF ACQUISITION
Source of stock number/acquisition Aksharesh Enterprises
082 ## - DEWEY DECIMAL CLASSIFICATION NUMBER
Classification number 516.33
100 ## - MAIN ENTRY--PERSONAL NAME
Personal name Narayan, Shanti
245 ## - TITLE STATEMENT
Title Analytical solid geometry:
Remainder of title for B.Sc. and B.A. students /
Statement of responsibility, etc Shanti Narayan [and] P.K. Mittal
260 ## - PUBLICATION, DISTRIBUTION, ETC. (IMPRINT)
Place of publication, distribution, etc New Delhi
Name of publisher, distributor, etc S Chand
Date of publication, distribution, etc 2017
270 ## - ADDRESS
Address 7361, Ram Nagar
City New Delhi
Postal code 110055
300 ## - PHYSICAL DESCRIPTION
Extent x, 419p.
Dimensions 24cm(pbk)
700 ## - ADDED ENTRY--PERSONAL NAME
Personal name Mittal, P.K.
942 ## - ADDED ENTRY ELEMENTS (KOHA)
Source of classification or shelving scheme Dewey Decimal Classification
Item type English Books
Classification part 516.33
Call number suffix NAR
Holdings
Withdrawn status Lost status Not for loan Collection code Home library Current library Date acquired Source of acquisition Cost, normal purchase price Full call number Barcode Copy number Cost, replacement price Koha item type
      Non-fiction Central Library Central Library 06/04/2019 Aksharesh Enterprises/0013/02-04-19/795/26-03-19/04-04-19 325.00 516.33 NAR B-721050 1 325.00 English Books

© Delhi Public Library
Hit Counter
free hit counter